banner-ar

GETTING STARTED WITH PARADOX 5.0 FOR WINDOWS / (Record no. 13389)

MARC details
000 -الفاتح
حقل البيانات ثابتة الطول 00531nam a2200193Ia 4500
008 - عناصر البيانات ثابتة الطول - معلومات عامة
حقل البيانات ثابتة الطول 140319s9999 xx 000 0 eng d
040 ## - مصدر الفهرسة
وكالة الفهرسة الأصلية GCL /
وكالة النسخ GCL
082 04 - رقم تصنيف ديوى العشرى
رقم التصنيف 005.43
رقم المادة G G
100 1# - المدخل الرئيسى - إسم شخصى
الإسم الشخصى KRONSTADT, BABETTE
245 10 - بيان العنوان
العنوان GETTING STARTED WITH PARADOX 5.0 FOR WINDOWS /
بيان المسئوليه,etc KRONSTADT, BABETTE
700 1# - المدخل الاضافى - اسم شخصى
الإسم الشخصى SACHS, DAVID
700 1# - المدخل الاضافى - اسم شخصى
الإسم الشخصى GAYLARD, HENRY H.
260 ## - PUBLICATION, DISTRIBUTION, ETC. (IMPRINT)
تاريخ النشر أو التوزيع 1995
300 ## - الوصف المادى
التعداد 196 P
650 04 - المدخل الاضافى بالموضوع-مصطلح موضوعى
مصطلح موضوعي WINDOWS
650 04 - المدخل الاضافى بالموضوع-مصطلح موضوعى
مصطلح موضوعي COMPUTER - PROPGRAMME
942 ## - عناصر المدخل الإضافي( كوها)
مصدر التصنيف او مخطط الترفيف Dewey Decimal Classification
Koha [default] item type كتاب
260 ## - PUBLICATION, DISTRIBUTION, ETC. (IMPRINT)
-- [S.N] :
-- JOHN WILEY AND SONS. INC ،
Holdings
حالة التراجع حالة الفقد حالة تلف ليس للاعارة المكان المؤقت الموقع الحالى تاريخ الاكتساب اجمالي اﻻعارات رقم الطلب الباركود تاريخ اخر مشاهدة تاريخ تفعيل السعر نوع وعاء كوها
        مكتبة القاهرة الكبرى مكتبة القاهرة الكبرى 03/26/2014   005.43\G G 25662 03/26/2014 03/26/2014 كتاب
        مكتبة القاهرة الكبرى مكتبة القاهرة الكبرى 03/26/2014   005.43\G G 25663 03/26/2014 03/26/2014 كتاب

Powered By

EGPV